Learning Resource and Development

Pain management made incredibly easy! (Record no. 4913)

MARC details
000 -LEADER
fixed length control field 00719nam a22002297a 4500
005 - DATE AND TIME OF LATEST TRANSACTION
control field 20230512222114.0
008 - FIXED-LENGTH DATA ELEMENTS--GENERAL INFORMATION
fixed length control field 180524t xxu||||| |||| 00| 0 eng d
020 ## - INTERNATIONAL STANDARD BOOK NUMBER
International Standard Book Number 1582552274
040 ## - CATALOGING SOURCE
Transcribing agency CSPC
082 0# - DEWEY DECIMAL CLASSIFICATION NUMBER
Classification number 616.0472
Item number P16
110 0# - MAIN ENTRY--CORPORATE NAME
Corporate name or jurisdiction name as entry element Lippincott Williams & Wilkins.
245 00 - TITLE STATEMENT
Title Pain management made incredibly easy!
260 ## - PUBLICATION, DISTRIBUTION, ETC.
Place of publication, distribution, etc. Philadelphia :
Name of publisher, distributor, etc. Lippincott Williams & Wilkins ;
Date of publication, distribution, etc. 2003.
300 ## - PHYSICAL DESCRIPTION
Extent vi, 346 pages :
Other physical details figures, tables ;
Dimensions 24 cm.
500 ## - GENERAL NOTE
General note Includes Index.
650 10 - SUBJECT ADDED ENTRY--TOPICAL TERM
Topical term or geographic name entry element Pain--Treatment.
650 10 - SUBJECT ADDED ENTRY--TOPICAL TERM
Topical term or geographic name entry element Analgesia.
940 ## - EQUIVALENCE OR CROSS-REFERENCE--UNIFORM TITLE [OBSOLETE] [CAN/MARC only]
Uniform title <a href="yves">yves</a>
942 ## - ADDED ENTRY ELEMENTS (KOHA)
Koha item type
-- NUR 616.0472 P16 2003
Holdings
Withdrawn status Lost status Damaged status Not for loan Home library Current library Shelving location Date acquired Total Checkouts Full call number Barcode Date last seen Copy number Price effective from Koha item type
        Main Library Main Library Nursing Section 05/12/2023   NUR 616.0472 P16 2003 012746 05/12/2023 1-5 05/12/2023 Books
        Main Library Main Library Nursing Section 05/12/2023   NUR 616.0472 P16 2003 012750 05/12/2023 2-5 05/12/2023 Books
        Main Library Main Library Nursing Section 05/12/2023   NUR 616.0472 P16 2003 012748 05/12/2023 3-5 05/12/2023 Books
        Main Library Main Library Nursing Section 05/12/2023   NUR 616.0472 P16 2003 012747 05/12/2023 4-5 05/12/2023 Books
        Main Library Main Library Nursing Section 05/12/2023   NUR 616.0472 P16 2003 012749 05/12/2023 5-5 05/12/2023 Books